| 000 | 00622nam a2200133 4500 | ||
|---|---|---|---|
| 999 |
_c38511 _d38511 |
||
| 082 | _aRR.0350 | ||
| 100 |
_aRaja, V. Anji _uInstitute of Public Enterprise, Osmania University _vHyderabad, Andhra Pradesh |
||
| 245 |
_aRural Urban Migration in Andhra Pradesh: _ba study on socio-economic impact on the families of migratory farmers/ _cV. Anji Raja |
||
| 260 |
_aHyderabad, Andhra Pradesh: _bIndian Council of Social Science Research, |
||
| 300 | _avii, 102p. | ||
| 536 | _aIndian Council of Social Science Research | ||
| 650 |
_aRural Urban Migration _aFarmer Migration _xMigration, Internal _zAndhra Pradesh |
||
| 942 |
_2ddc _cBK |
||